000 00605nam a2200193 a 4500
005 20140412111242.0
008 020409s19uu xx 00 eng d
020 _a1-85758-720-0
050 _aTR(GS 372.634
_bH316 1998
100 _aHarris, Sarah
245 _aWriting skills, ages 6-7 :
_bkey stage I learning workbook /
_cSarah Harris and Frances Asti.
260 _aLondon :
_bLetts Educational,
_c1998.
300 _a40 p. ; ill.
440 _aLetts Literacy
520 _aKey stage I writing, ages 6-7
650 _aWriting
_xJuvenile literature
650 _aWriting
_xskills
999 _c102807
_d102807